000 00456nam a2200181Ia 4500
008 090124s9999 xx 000 0 und d
082 _b21265
100 _aभावे पु. भा.
245 _a आग
250 _a2
260 _bमेनका प्रकाशन
_c1979
300 _a148
600 _aभावे पु. भा.
630 _a आग
700 _aभावे पु. भा.
730 _a आग
942 _cBOOK
999 _c91223
_d91223